Curso de Derecho Comercial: Derecho Marítimo

Gespeichert in:
Bibliographische Detailangaben
1. Verfasser: Varela Varela, Raúl (autor)
Format: Buch
Sprache:Spanisch
Veröffentlicht: Santiago Universitaria 1966
Schlagworte:
Tags: Tag hinzufügen
Keine Tags, Fügen Sie den ersten Tag hinzu!

MARC

LEADER 00000cam a2200000 a 4500
001 UCG9801
003 CL-VaPUC
008 120405e19660000CL |||||||||||||||||spa|d
082 0 4 |a 343.096  |b VAR  |2 21 
100 |a Varela Varela, Raúl  |e autor  |9 561500 
245 1 0 |a Curso de Derecho Comercial: Derecho Marítimo 
300 |a 245 p 
942 |c BK 
945 |d 20120405 00:00:00  |a dcastane 
260 |a Santiago  |b Universitaria  |c 1966 
650 0 |a Derecho marítimo  |9 255301 
650 0 |a Derecho comercial   |9 256340 
583 |a last modification  |c 20120405 11:40:00  |k Rodrigo Vera 
999 |c 347344  |d 347342 
952 |0 0  |1 0  |4 0  |6 343_096000000000000_VAR_1966  |7 0  |8 A  |9 448607  |a BIBDER  |b BIBDER  |d 2019-11-22  |i 4840771  |o 343.096 VAR 1966  |p 4840771  |r 2023-01-25  |w 2019-11-22  |y BK  |k DER